[Event "First Saturday GM DR May 2013"]
[Site "Budapest"]
[Date "2013.05.13"]
[Round "13.2"]
[White "Atabayev, Yusup"]
[Black "Papp, Petra"]
[Result "1-0"]
[WhiteElo "2407"]
[BlackElo "2307"]
[PlyCount "69"]
[EventDate "2013.05.04"]

1. e4 c5 2. Nf3 d6 3. d4 cxd4 4. Nxd4 Nf6 5. Nc3 a6 6. f4 e5 7. Nf3 Nbd7 8. a4
Qc7 9. Bd3 Be7 10. O-O O-O 11. Kh1 b6 12. Qe1 Bb7 13. Nh4 g6 14. f5 Rac8 15.
Bh6 Rfe8 16. fxg6 fxg6 17. Nf5 Bf8 18. Bxf8 Kxf8 19. Ne3 Kg7 20. Qe2 Rf8 21.
Bxa6 Bxa6 22. Qxa6 Nc5 23. Qe2 Ncxe4 24. Nxe4 Nxe4 25. Rxf8 Rxf8 26. Nd5 Qf7
27. c4 Nd2 28. Rg1 Nf1 29. g3 Qf5 30. b4 e4 31. Nf4 g5 32. Rxf1 gxf4 33. Rxf4
Qd7 34. Rxf8 Kxf8 35. Qf2+ 1-0

[Event "First Saturday GM DR May 2013"]
[Site "Budapest"]
[Date "2013.05.13"]
[Round "13.3"]
[White "Annageldyev, Orazly"]
[Black "Atabayev, Maksat"]
[Result "0-1"]
[WhiteElo "2397"]
[BlackElo "2452"]
[PlyCount "76"]
[EventDate "2013.05.04"]

1. e4 e6 2. d4 d5 3. Nc3 Nf6 4. e5 Nfd7 5. f4 c5 6. Nf3 Nc6 7. Be3 Qb6 8. Na4
Qa5+ 9. c3 cxd4 10. b4 Nxb4 11. cxb4 Bxb4+ 12. Bd2 Bxd2+ 13. Nxd2 O-O 14. Bd3
b5 15. Nb2 Nb6 16. Qc2 Nc4 17. Ke2 Qa3 18. Nd1 h6 19. Nb3 f6 20. Nxd4 fxe5 21.
fxe5 Qc5 22. Nf3 Bb7 23. Nh4 d4 24. Bh7+ Kh8 25. Ng6+ Kxh7 26. Nxf8+ Kg8 27.
Ng6 Bxg2 28. Nf2 d3+ 29. Qxd3 Rf8 30. Rhf1 Bf3+ 31. Qxf3 Rxf3 32. Kxf3 Qe3+ 33.
Kg2 Qg5+ 34. Kh1 Qxg6 35. Rae1 Qc2 36. Ng4 Qxa2 37. Nxh6+ gxh6 38. Rf6 Nxe5 0-1

[Event "First Saturday GM DR May 2013"]
[Site "Budapest"]
[Date "2013.05.14"]
[Round "14.1"]
[White "Atabayev, Maksat"]
[Black "Atabayev, Yusup"]
[Result "1/2-1/2"]
[WhiteElo "2452"]
[BlackElo "2407"]
[PlyCount "49"]
[EventDate "2013.05.04"]

1. e4 c5 2. Nf3 d6 3. d4 cxd4 4. Nxd4 Nf6 5. Nc3 a6 6. Be2 e5 7. Nb3 Be7 8. O-O
O-O 9. Be3 Nbd7 10. a4 b6 11. f3 Bb7 12. Rf2 Qc7 13. Bf1 h6 14. Nc1 Rfd8 15.
N1a2 d5 16. Nxd5 Bxd5 17. exd5 Bc5 18. Bxc5 Nxc5 19. Rd2 Nxa4 20. c4 b5 21. Kh1
Nb6 22. b3 bxc4 23. bxc4 e4 24. Nb4 exf3 25. gxf3 1/2-1/2